Unusual Cases in Peritoneal Surface Malignancies

This book has been designed to provide the full description of the comprehensive management of peritoneal surface malignancies which have originated from different primaries, such as breast cancer, small bowel cancers and imatinib resistant GISTosis and sarcomas and pseudomyxoma. The book provides t...

Full description

Saved in:
Bibliographic Details
Corporate Author SpringerLink (Online service)
Other Authors Canbay, Emel (Editor)
Format Electronic eBook
LanguageEnglish
Published Cham : Springer International Publishing : Imprint: Springer, 2017.
Subjects
Online AccessFull text
ISBN9783319515236
DOI10.1007/978-3-319-51523-6
Physical DescriptionVIII, 141 p. 38 illus., 24 illus. in color. online resource.

Cover

LEADER 00000nam a22000005i 4500
001 101414
003 CZ-ZlUTB
005 20251008112032.0
006 m o d
007 cr nn 008mamaa
008 170322s2017 gw | s |||| 0|eng d
020 |a 9783319515236 
024 7 |a 10.1007/978-3-319-51523-6  |2 doi 
245 1 0 |a Unusual Cases in Peritoneal Surface Malignancies /  |c edited by Emel Canbay. 
264 1 |a Cham :  |b Springer International Publishing :  |b Imprint: Springer,  |c 2017. 
300 |a VIII, 141 p. 38 illus., 24 illus. in color.  |b online resource. 
336 |a text  |b txt  |2 rdacontent 
337 |a počítač  |b c  |2 rdamedia 
338 |a online zdroj  |b cr  |2 rdacarrier 
505 0 |a Benign Multicystic Mesothelioma -- Pseudomyxoma Peritonei arising from different origin rather than appendix and ovary -- Colorectum -- Fallopian tube -- Duodenum -- Small bowel -- Pancreas -- Desmoplastic small round cell tumour -- Uterine sarcoma -- Peritoneal metastases from breast cancer.-Peritoneal metastases from small bowel adenocarcinoma -- Peritoneal metastases from Imatinib resistant GISTosis -- Peritoneal metastases from serous papillary uterinecarcinoma -- Peritoneal metastases from unusalorigins -- Pancreas -- Gallbladder -- Liver -- Adrenal -- Esophagus -- Peritoneal metastases from sarcoma -- Peritoneal metastases from unusual miscellaneous tumours -- Retroperitoneal mullerian adenocarcinoma -- A giant mesentery malignant solitary fibrous tumour. 
506 |a Plný text je dostupný pouze z IP adres počítačů Univerzity Tomáše Bati ve Zlíně nebo vzdáleným přístupem pro zaměstnance a studenty 
520 |a This book has been designed to provide the full description of the comprehensive management of peritoneal surface malignancies which have originated from different primaries, such as breast cancer, small bowel cancers and imatinib resistant GISTosis and sarcomas and pseudomyxoma. The book provides the most up-to-date information on current approaches such as cytoreductive surgery and hyperthermic intraperitoneal chemotherapy. Given the increasing evidence that the patients who may benefit from this treatment modality avoid potential lethal course of these diseases, the book explores the application of these approaches to a number of types of malignancy. The first chapters explore Benign Multicystic Mesothelioma and Pseudomyxoma Peritonei arising from unusual primaries. Among other explored topics are peritoneal metastases from serous papillary uterine carcinoma, sarcoma and from unusual origins. This book is valuable for surgical oncologists who deal with the management of peritoneal surface malignancies. 
650 0 |a Medicine. 
650 0 |a Oncology. 
650 0 |a Surgery. 
655 7 |a elektronické knihy  |7 fd186907  |2 czenas 
655 9 |a electronic books  |2 eczenas 
700 1 |a Canbay, Emel.  |e editor. 
710 2 |a SpringerLink (Online service) 
776 0 8 |i Printed edition:  |z 9783319515229 
856 4 0 |u https://proxy.k.utb.cz/login?url=http://dx.doi.org/10.1007/978-3-319-51523-6 
992 |c NTK-SpringerMED 
999 |c 101414  |d 101414 
993 |x NEPOSILAT  |y EIZ